[Event "Druga liga Srbije grupa Vojvodina 2011"]
[Site "Vrbas"]
[Date "2011.09.27"]
[Round "4.6"]
[White "Rajic, Dobrivoje"]
[Black "Sekulic, Dusan"]
[Result "0-1"]
[WhiteElo "2120"]
[BlackElo "2302"]
[PlyCount "62"]
[EventDate "2011.09.25"]

1. e4 e5 2. Nf3 Nc6 3. Bc4 Bc5 4. d3 Nf6 5. Nc3 a6 6. a3 d6 7. h3 h6 8. O-O g5
9. Nh2 g4 10. hxg4 Rg8 11. g5 hxg5 12. Be3 g4 13. Bxc5 dxc5 14. g3 Nd4 15. Kg2
Nh5 16. Nd5 c6 17. Ne3 Qg5 18. c3 Nb5 19. Qb3 Nd6 20. Qb6 Nf4+ 21. gxf4 exf4
22. Nf5 Bxf5 23. exf5 f3+ 24. Nxf3 gxf3+ 25. Kxf3 Qxf5+ 26. Ke3 Nxc4+ 27. dxc4
Rd8 28. Rfe1 Rg2 29. Rad1 Qxf2+ 30. Ke4 Rg4+ 31. Ke5 Qf4# 0-1

[Event "Druga liga Srbije grupa Vojvodina 2011"]
[Site "Vrbas"]
[Date "2011.09.27"]
[Round "4.6"]
[White "Mijatovic, Dejan"]
[Black "Nadj, Vladimir"]
[Result "1-0"]
[WhiteElo "2276"]
[BlackElo "2156"]
[PlyCount "83"]
[EventDate "2011.09.25"]

1. d4 Nf6 2. c4 g6 3. Nc3 Bg7 4. e4 d6 5. f4 c5 6. d5 O-O 7. Nf3 e6 8. Be2 exd5
9. cxd5 Re8 10. e5 dxe5 11. fxe5 Ng4 12. Bg5 Qb6 13. O-O Nxe5 14. Nxe5 Rxe5 15.
Bf4 Re8 16. Nb5 c4+ 17. Kh1 Qxb5 18. b3 Bf5 19. Bxc4 Qc5 20. Rc1 Qd4 21. Qf3
Nd7 22. d6 Be5 23. Be3 Qh4 24. Bg1 Nf6 25. Qxb7 Rf8 26. Bxf7+ Kh8 27. Rc4 Ne4
28. Rf3 Qe1 29. Qe7 Bg7 30. Rf4 Rxf7 31. Qxf7 Nxd6 32. Qd5 Rd8 33. Rc7 Be4 34.
Qg5 Re8 35. Rc1 Qe2 36. Rf2 Qa6 37. Rd2 Nf5 38. Rd8 Qe6 39. Rxe8+ Qxe8 40. Rd1
h6 41. Rd8 hxg5 42. Rxe8+ 1-0

[Event "Druga liga Srbije grupa Vojvodina 2011"]
[Site "Vrbas"]
[Date "2011.09.27"]
[Round "4.6"]
[White "Sevo, Dusan"]
[Black "Zolotic, Zoran"]
[Result "1-0"]
[WhiteElo "2268"]
[BlackElo "2238"]
[PlyCount "31"]
[EventDate "2011.09.25"]

1. e4 d5 2. exd5 Qxd5 3. Nc3 Qa5 4. d4 Nf6 5. Nf3 c6 6. Ne5 Bf5 7. Bd3 Bxd3 8.
Qxd3 e6 9. O-O Be7 10. Qg3 g6 11. Bh6 Nbd7 12. Rfe1 Qd8 13. Rad1 Qa5 14. Nc4
Qd8 15. d5 cxd5 16. Nb5 1-0